Formule 1 - De la GP2 à la Formule 1 - Statistiques

Statistiques générales
  • Ce quiz a été pris 348 fois
  • Le résultat moyen est 8 sur 38
Statistiques - réponses
Années GP2 Pilote Equipes GP2 Années F1 % Correct
2006 Lewis Hamilton ART 2007-
90%
2005 Nico Rosberg ART 2006-2016
67%
2014-2016 Pierre Gasly Caterham, DAMS, Prema 2017-
66%
2008-2011 Romain Grosjean ART, Addax, DAMS 2009, 2012-2020
58%
2009 Nico Hülkenberg ART 2010, 2012-2020, 2022
53%
2009-2010 Sergio Pérez Arden, Addax 2011-
37%
2010-2011 Jules Bianchi ART 2013-2014
30%
2005-2006 Nelsinho Piquet Piquet 2008-2009
30%
2007-2010 Pastor Maldonado Trident, Piquet, ART, Rapax 2011-2015
27%
2016 Antonio Giovinazzi Prema 2017, 2019-2021
25%
2010-2011 Charles Pic Arden, Addax 2012-2013
22%
2014-2015 Stoffel Vandoorne ART 2016-2018
21%
2008-2009 Kamui Kobayashi DAMS 2009-2014
19%
2010-2013 Marcus Ericsson Super Nova, iSport, DAMS 2014-2018
19%
2014-2016 Nicholas Latifi Hilmer, MP, DAMS 2018-2022
19%
2005 Heikki Kovalainen Arden 2007-2013
17%
2015-2016 Sergey Sirotkin Rapax, ART 2018
17%
2006-2007 Timo Glock BCN, iSport 2004, 2008-2012
17%
2011-2014 Jolyon Palmer Arden, iSport, Carlin, DAMS 2016-2017
16%
2012-2014 Felipe Nasr DAMS, Carlin 2015-2016
14%
2010-2012 Brendon Hartley Coloni, Ocean 2017-2018
13%
2007-2008 Sébastien Buemi ART, Arden 2009-2011
13%
2007-2008 Bruno Senna Arden, iSport 2010-2012
12%
2010-2012 Max Chilton Ocean, Carlin 2013-2014
12%
2011-2012 Esteban Gutiérrez ART 2013-2014, 2016
11%
2006-2009 Lucas di Grassi Durango, ART, Campos, Racing Engineering 2010
11%
2012-2015 Rio Haryanto Carlin, Addax, Caterham, Campos 2016
11%
2009-2012 Giedo van der Garde iSport, Addax, Caterham 2013
10%
2005 Scott Speed iSport 2006-2007
10%
2007-2009 Karun Chandhok Durango, iSport, Ocean 2010-2011
8%
2007 Kazuki Nakajima DAMS 2007-2009
8%
2006-2009 Vitaly Petrov DPR, Campos, Addax 2010-2012
8%
2005-2008 Giorgio Pantano Super Nova, FMS, Campos, Racing Engineering 2004
7%
2007-2008 Sakon Yamamoto BCN, ART 2006-2007, 2010
7%
2013-2015 Alexander Rossi Caterham, Campos, Racing Engineering 2015
6%
2008-2010 Jérôme d'Ambrosio DAMS 2011-2012
6%
2007 Antônio Pizzonia FMS 2003-2005
2%
2005-2006 Gianmaria Bruni Coloni, Durango, Trident 2004
2%
Aucun quiz correspondant
Distribution des résultats
% des personnes avec chaque résultat
Percentile par nombre de réponses
Votre historique - résultats
Vous n’avez pas pris ce quiz